000 00400 a2200157 4500
005 20250506093448.0
020 _a0-07-007383-X
082 _a658.15 BRE
100 _aBREALEY, R.
245 _aPrinciples of Corporate Finance .
250 _a2rd Ed
260 _aLondon,
_bMcGraw-Hill,
_c1984.
300 _aXxiv, 847p.: ill.; figure, table
_bIndex
_c23cm.
700 _aMYERS, S.
942 _2ddc
_cBKS
999 _c1984
_d1984